000 00663nam a2200241 i 4500
001 C2-0088823
003 PPAK
005 20180727091626.0
008 970510s1988 cau |||| ||||| | eng d
020 _a0534099246
040 _aPPAK
_beng
_cPPAK
_erda
082 0 4 _a808.02
_223
090 0 0 _a808.02
_bROT
_dG
100 1 _aRoth, Audrey J.,
_eauthor
245 1 4 _aThe research paper :
_bprocess, form, and content
264 1 _aBelmont :
_bWadsworth ,
_c1988
300 _axx, 300 pages ;
_c23 cm
336 _2rdacontent
_atext
337 _2rdamedia
_aunmediated
338 _2rdacarrier
_avolume
650 1 0 _aReport writing ; Research
942 _ddc
_cB
999 _c18430
_d18430